• 首页
  • 本馆介绍
  • 公告通知
  • 最新文献
  • 馆藏检索
  • 电子资源
  • 读者导购
  • 参考咨询
  • 我的图书馆
  • 登录
  • 详细信息显示
  • 放入我的书架
  • 预约/预借图书
  • 作者相关作品
  • 分类相关作品
  • 丛书相关作品
  • 出版社相关作品

书目信息

  • 表格格式
  • 工作单格式
  • 卡片格式
题名:
清史讲义
    
 
作者: 孟森 著
分册:  
出版信息: 南京   江苏人民出版社  2019
页数: 492页
开本: 20cm
丛书名: 含章文库
单 册:
中图分类: K249.07
科图分类:
主题词: 中国历史--研究--清代
电子资源:
ISBN: 978-7-214-23094-2
000 00804nam0 2200241 450
001 012001005917
005 20131014162949.0
010    @a978-7-214-23094-2@dCNY49.80
100    @a20190722d2019 em y0chiy50 ea
101 0  @achi
102    @aCN@b320000
105    @aa z 000yy
106    @ar
200 1  @a清史讲义@9qing shi jiang yi@b专著@f孟森著
210    @a南京@c江苏人民出版社@d2019
215    @a492页@c图@d20cm
225 1  @a含章文库@i大家谈
330    @a本书原为孟森先生在北京大学授课期间所用讲稿,后长期以来被各大学作为教材使用。其内容史料丰富、考证翔实,是清史研究的代表性作品,在清史研究领域有着深远影响。
606 0  @a中国历史@x研究@z清代
690    @aK249.07@v5
701  0 @a孟森@9meng sen@f(1869-1938)@4著
801  2 @aCN@b上海新华@c20191020
905    @b1098057-60@dK249.07@e125@f4
    
    清史讲义/孟森著.-南京:江苏人民出版社,2019
    492页:图;20cm.-(含章文库.大家谈)
    
    
    ISBN 978-7-214-23094-2:CNY49.80
    本书原为孟森先生在北京大学授课期间所用讲稿,后长期以来被各大学作为教材使用。其内容史料丰富、考证翔实,是清史研究的代表性作品,在清史研究领域有着深远影响。
●
相关链接 在E读中查询图书 在五车中查询图书 在当当中查询图书 在豆瓣中查询图书


正题名:清史讲义     索取号:K249.07/125         预约/预借

序号 登录号 条形码 馆藏地/架位号 状态 备注
1 1098057   210980571   第二样本阅览室/ [索取号:K249.07/125] 在馆    
2 1098058   210980580   第二借阅区/ [索取号:K249.07/125] 在馆    
3 1098059   210980599   第二借阅区/ [索取号:K249.07/125] 在馆    
4 1098060   210980606   第二借阅区/ [索取号:K249.07/125] 在馆    
唐山师范学院图书馆 欢迎您!
大连网信软件有限公司© 版权所有